Pittsburgh Steelers Jersey Numbers - Statistics

General Stats
  • This quiz has been taken 27 times
  • The average score is 15 of 20
Answer Stats
Hint Answer % Correct
Ben Roethlisberger (QB) 7
100%
Terry Bradshaw (QB) 12
96%
Franco Harris (RB) 32
91%
Jerome Bettis (RB) 36
91%
Gary Anderson (K) 1
87%
Kordell Stewart (QB) 10
87%
Troy Polamalu (SS) 43
87%
Rod Woodson (CB) 26
83%
T.J. Watt (LB) 90
83%
Hines Ward (WR) 86
78%
Rocky Bleier (RB) 20
65%
Jack Lambert (LB) 58
65%
Joe Greene (DT) 75
65%
John Stallworth (WR) 82
65%
Lynn Swann (WR) 88
65%
Mel Blount (CB) 47
61%
Mike Webster (C) 52
61%
Jack Ham (LB) 59
61%
Dermontti Dawson (C) 63
57%
Ernie Stautner (DT) 70
43%
No matching quizzes found
Score Distribution
Percent of People with Each Score
Percentile by Number Answered
Your Score History
You have not taken this quiz